000 00515nam a2200181Ia 4500
003 OSt
005 20260128103449.0
008 210210b1963 xxu||||| |||| 00| 0 eng d
040 _cAL
041 _aKannada
082 _a854/45
100 _aKULAKARNI (B S)
_9162578
_dಕುಲಕರ್ಣಿ (ಬಿಎಸ್)
245 _aSahitya sudhe:
_bಸಾಹಿತ್ಯ ಸುಧೆ
260 _aDharavada
_bSamaja Pustakalaya
_c1963
690 _aKannada Criticism
_9162579
906 _a019896
942 _2ddc
_cBK
999 _c144046
_d144046